Welcome to the Holygrace Academy Library

Please use search bar below to get started

HINDI MALAYALAM DICTIONARY (Record no. 2116)

MARC details
000 -LEADER
fixed length control field 00328nam a22001457a 4500
020 ## - INTERNATIONAL STANDARD BOOK NUMBER
ISBN 978-93-83080-47-2
082 ## - DEWEY DECIMAL CLASSIFICATION NUMBER
Classification number 030
Item number JOS/H
100 ## - MAIN ENTRY--AUTHOR NAME
Personal name JOS, K D
245 ## - TITLE STATEMENT
Title HINDI MALAYALAM DICTIONARY
250 ## - EDITION STATEMENT
Edition statement 16TH EDITION
260 ## - PUBLICATION, DISTRIBUTION, ETC. (IMPRINT)
Place of publication TRICHUR
Name of publisher H & C STORES
Year of publication 2014
300 ## - PHYSICAL DESCRIPTION
Number of Pages 512
650 ## - SUBJECT ADDED ENTRY--TOPICAL TERM
Topical Term DICTIONARY
Geographic subdivision INDIA
942 ## - ADDED ENTRY ELEMENTS (KOHA)
Koha item type Books
Holdings
Withdrawn status Lost status Collection code Home library Current library Shelving location Date acquired Source of acquisition Cost, normal purchase price Full call number Accession Number Koha item type
    Reference Main Library Main Library SHELF 1 F -DICTIONARY,THEASAURUS 05/10/2015 purchase 110.00 030 JOS/H 09570 Books